| 000 | 00953nam a2200217 i 4500 | ||
|---|---|---|---|
| 001 | 182151 | ||
| 003 | ES-MaACL | ||
| 005 | 20231022165126.0 | ||
| 008 | 130620s1999 sp | |||| ||spa d | ||
| 020 | _a84-8198-289-X | ||
| 080 | _a026:7(063) | ||
| 111 | 0 |
_aEncuentro de Bibliotecas de Arte de España y Portugal ( _n7º. _d1999. _cMadrid) _9618 |
|
| 245 | 1 | 0 |
_aSistema de acceso a la información y difusión artística _b: actas / _cVII Encuentro de Bibliotecas de Arte de España y Portugal, Centro Cultural Conde Duque, Madrid, 21, 22 y 23 de abril de 1999 ; comité organizador, Mª Rita Albi ... [et al.]. |
| 260 |
_a[Santander] : _bFundación Marcelino Botín, _c[1999] |
||
| 300 |
_a167 p. ; _c24 cm. |
||
| 650 | 0 | 4 |
_aBibliotecas de arte- _vCongresos y asambleas. _910542 |
| 700 | 1 |
_aAlbi, María Rita. _9152939 |
|
| 852 |
_aES-MaACL _jA-12715 _9189062 _bR.189062 _cDEPO1 _dOlim: N-5715 |
||
| 942 |
_2udc _cMONOGRAFIA |
||
| 999 |
_c182151 _d182151 |
||